| 000 | 00432nam a22001571c 4500 | ||
|---|---|---|---|
| 001 | a987655726 | ||
| 008 | 070417s1973 gw a||| 000u eng d | ||
| 041 | _aeng | ||
| 245 | 0 | 4 |
_aThe eighteenth century in Russia / _ced. by J. G. Garrard |
| 264 |
_aOxford : _bClarendon Pr., _c1973 |
||
| 300 | _aXIII, 356 S. : Ill | ||
| 700 | 1 |
_aGarrard, Joe G. [Hrsg.] _eHerausgeberIn |
|
| 942 | _cMG | ||
| 040 | _cRU-10907106 | ||
| 003 | RU-10907106 | ||
| 999 |
_c11841 _d11841 |
||